Гибкий измерительный эндоскоп; Современные техника и технологии

Bibliographic Details
Parent link:Современные техника и технологии.— 1997.— С. 46-47.
Main Author: Тимофеев Д. А.
Other Authors: Мевиус В. В., Михайлов С. И.
Language:Russian
Published: 1997
Subjects:
Format: MixedMaterials Book Chapter
KOHA link:https://koha.lib.tpu.ru/cgi-bin/koha/opac-detail.pl?biblionumber=50228

MARC

LEADER 00000naa2a2200000 4500
001 50228
005 20231031032758.0
035 |a (RuTPU)RU\TPU\book\52595 
035 |a RU\TPU\book\52594 
090 |a 50228 
100 |a 20030411d1997 k y0rusy50 ca 
101 0 |a rus 
102 |a RU 
200 1 |a Гибкий измерительный эндоскоп  |f Д. А. Тимофеев, В. В. Мевиус, С. И. Михайлов 
463 1 |0 (RuTPU)RU\TPU\book\13018  |t Современные техника и технологии  |o Труды 3-ей областной научно-практической конференции студентов, аспирантов и молодых ученых, 25-28 марта 1997 г., г. Томск  |f Томский политехнический университет  |v С. 46-47.  |d 1997  |p 148 с. 
610 1 |a труды учёных ТПУ 
675 |a 62.001.5(063)  |v 3 
700 1 |a Тимофеев  |b Д. А. 
701 1 |a Мевиус  |b В. В. 
701 1 |a Михайлов  |b С. И. 
801 1 |a RU  |b 63413507  |c 20030409  |g PSBO 
801 2 |a RU  |b 63413507  |c 20030411  |g PSBO 
942 |c BK